<?xml version="1.0" encoding="UTF-8"?>
<record
    xmlns:xsi="http://www.w3.org/2001/XMLSchema-instance"
    xsi:schemaLocation="http://www.loc.gov/MARC21/slim http://www.loc.gov/standards/marcxml/schema/MARC21slim.xsd"
    xmlns="http://www.loc.gov/MARC21/slim">

  <leader>00797nam a2200217 a 4500</leader>
  <controlfield tag="001">BRL_1408</controlfield>
  <controlfield tag="005">20190320211205.0</controlfield>
  <controlfield tag="008">130114s1973----u--#######---#000-0#eng-#</controlfield>
  <datafield tag="041" ind1=" " ind2=" ">
    <subfield code="a">eng</subfield>
  </datafield>
  <datafield tag="044" ind1=" " ind2=" ">
    <subfield code="a">u</subfield>
  </datafield>
  <datafield tag="050" ind1=" " ind2="4">
    <subfield code="a">F1391</subfield>
    <subfield code="b">.C37 1973</subfield>
  </datafield>
  <datafield tag="100" ind1="1" ind2=" ">
    <subfield code="a">Casas, Fray Bartolome de las</subfield>
    <subfield code="d">1474-1566</subfield>
    <subfield code="9">8116</subfield>
  </datafield>
  <datafield tag="245" ind1="1" ind2="0">
    <subfield code="a">Travelling in 1544 from Salamanca, Spain to Ciudad Real Chiapas, Mexico</subfield>
    <subfield code="b">travels and trials of Fray Bartolom&#xE9; de Las Casas and his Dominican Fathers</subfield>
    <subfield code="c">edited and translated by Frans Blom.</subfield>
  </datafield>
  <datafield tag="260" ind1=" " ind2=" ">
    <subfield code="a">[Estados Unidos]</subfield>
    <subfield code="b">Seweanee Review</subfield>
    <subfield code="c">1973</subfield>
  </datafield>
  <datafield tag="300" ind1=" " ind2=" ">
    <subfield code="a">p. 569</subfield>
    <subfield code="c">24 cm.</subfield>
  </datafield>
  <datafield tag="500" ind1=" " ind2=" ">
    <subfield code="a">Au1703</subfield>
  </datafield>
  <datafield tag="651" ind1=" " ind2="4">
    <subfield code="a">San Crist&#xF3;bal de Las Casas (Chiapas)</subfield>
    <subfield code="x">Drescripciones y viajes</subfield>
    <subfield code="9">26804</subfield>
  </datafield>
  <datafield tag="700" ind1="1" ind2=" ">
    <subfield code="a">Blom, Frans Ferdinand</subfield>
    <subfield code="d">1893-1963</subfield>
    <subfield code="e">trad.</subfield>
    <subfield code="9">26786</subfield>
  </datafield>
  <datafield tag="902" ind1=" " ind2=" ">
    <subfield code="a">GRL</subfield>
  </datafield>
  <datafield tag="942" ind1=" " ind2=" ">
    <subfield code="2">lcc</subfield>
    <subfield code="c">B</subfield>
  </datafield>
  <datafield tag="999" ind1=" " ind2=" ">
    <subfield code="c">10218</subfield>
    <subfield code="d">10218</subfield>
  </datafield>
  <datafield tag="952" ind1=" " ind2=" ">
    <subfield code="0">0</subfield>
    <subfield code="1">0</subfield>
    <subfield code="4">0</subfield>
    <subfield code="7">0</subfield>
    <subfield code="a">BRL</subfield>
    <subfield code="b">BRL</subfield>
    <subfield code="d">2014-01-13</subfield>
    <subfield code="i">Au1703</subfield>
    <subfield code="l">0</subfield>
    <subfield code="o">F1391 .C37 1973 (Au1703)</subfield>
    <subfield code="p">GRL01566</subfield>
    <subfield code="r">2019-03-22 00:00:00</subfield>
    <subfield code="w">2019-03-22</subfield>
    <subfield code="y">B</subfield>
  </datafield>
</record>
